[Event "Wroclaw Anderssen Memorial op"]
[Site "Wroclaw"]
[Date "2024.08.15"]
[Round "5"]
[White "Nguyen Doan, Quoc Anh"]
[Black "Korzeniowski, Wojciech"]
[Result "1/2-1/2"]
[WhiteElo "1705"]
[BlackElo "1520"]
[PlyCount "90"]
[EventDate "2024.08.15"]
[EventType "swiss (blitz)"]
[EventRounds "9"]
[EventCountry "POL"]
[SourceTitle "CBM 221 Extra"]
[Source "ChessBase"]
[SourceDate "2024.09.30"]
[SourceVersion "1"]
[SourceVersionDate "2024.09.30"]
[SourceQuality "1"]

1. e4 e5 2. f4 d5 3. exd5 Qxd5 4. Nc3 Qe6 5. fxe5 Qxe5+ 6. Be2 Bb4 7. Nf3 Qe7 8. Nd5 Qd6 9. Nxb4 Qxb4 10. 0-0 Nf6 11. c3 Qb6+ 12. d4 0-0 13. Qc2 Bg4 14. Bg5 Nbd7 15. Kh1 Rfe8 16. Bd3 h6 17. Bh4 Re3 18. Bf2 Rxf3 19. gxf3 Bxf3+ 20. Kg1 Qc6 21. Bg3 Be4 22. Rae1 Bxd3 23. Qxd3 Rd8 24. Qf3 Qb6 25. Rf2 c5 26. dxc5 Nxc5 27. Rd1 Rxd1+ 28. Qxd1 Nce4 29. Qe2 Nxf2 30. Bxf2 Qa5 31. a3 Qg5+ 32. Bg3 h5 33. Kf1 h4 34. Bf2 Qf4 35. h3 Ne4 36. Qe3 Qxe3 37. Bxe3 a6 38. Ke2 Nd6 39. Kd3 f6 40. Bf2 g5 41. c4 Kf7 42. b4 Ke6 43. Kd4 b6 44. c5 bxc5+ 45. bxc5 Nb5+ 1/2-1/2